000
00261nam a2200109 4500
999
_c
11735
_d
11735
003
OSt
005
20230717194311.0
008
230717b ||||| |||| 00| 0 eng d
245
_a
Methods of estimating housing needs
260
_a
NY
_b
united nations
942
_2
ddc